| 000 | 00930nam a22003017a 4500 | ||
|---|---|---|---|
| 001 | 5486 | ||
| 003 | FISKH | ||
| 005 | 20241211090117.0 | ||
| 008 | 241211b cb ||||| |||| 00| 0 eng d | ||
| 020 | _a9780807535196 | ||
| 040 |
_aFISKH _beng _cFISKH _dFISKH |
||
| 050 | _aBF723.A4 | ||
| 082 | _a152.4 | ||
| 100 |
_aSimon, Norman _d(1928-) |
||
| 245 |
_aI was so mad / _cBy Norman Simon Illustrations by Dora Leder |
||
| 250 | _aPublished in 1974 | ||
| 260 |
_aCanada : _bWhitman, _c1974. |
||
| 300 |
_a33 pages : _bcolor illustrations ; _c23 cm |
||
| 505 | _aJ | ||
| 520 | _aText and pictures relate situations which sometimes result in such reactions as frustration, anxiety, humiliation, and loss of control. | ||
| 521 | 8 |
_a430L
_bLexile |
|
| 521 | 8 |
_aJ
_bRaz-Plus |
|
| 650 |
_2Anger _aEmotions |
||
| 650 |
_2Behavior _aFeelings |
||
| 700 |
_aLeder, Dora _dIllustrator |
||
| 942 |
_2ddc _cBK _n0 |
||
| 999 |
_c5486 _d5486 |
||